Państwa, które dotykają Adriatyku. - Statystyki

Ogólne statystyki
  • Ten quiz został rozwiązany 55 razy
  • Średni wynik to 6 z 6
Statystyki odpowiedzi
KRAJ % Poprawnych
Chorwacja
100%
Włochy
100%
Bośnia
96%
Albania
94%
Czarnogóra
94%
Słowenia
89%
Nie znaleziono quizów pasujących do podanych kryteriów
Rozkład punktacji
Procent ludzi z każdym wynikiem
Percentyl według liczby udzielonych odpowiedzi
Twoja historia wyników
Nie rozwiązałeś tego quizu